[Event "Sampa Chess Open - Local Piso Superior (ao lado da Renner) às 19h00"]
[Site "Shopping Metrô Tatuapé - Rua Domingos Agostim, 91, São Paulo/SP 03306-010"]
[Date "2024.02.04"]
[Round "9"]
[Board "32"]
[White "Re, Vinicius"]
[Black "Lima, Hamilton Da Silva"]
[Result "0-1"]
[WhiteElo "1177"]
[BlackElo "1778"]
[PlyCount "78"]
[EventDate "2024.01.29"]
[EventRounds "9"]
[EventCountry "BRA"]

1. e4 e5 2. Nf3 Nc6 3. Bc4 Bc5 4. Nc3 Nf6 5. d3 O-O 6. Bg5 Be7 7. O-O a6 8. Qd2 d6
9. h3 Na5 10. Nd5 Nxc4 11. dxc4 Nxd5 12. cxd5 f5 13. Rfe1 f4 14. Bxe7 Qxe7 15. Rac1
Rf6 16. Kf1 Rh6 17. Qd3 Bd7 18. c4 g5 19. Nd2 g4 20. hxg4 Bxg4 21. f3 Bd7 22. b4
Qg5 23. Ke2 Rh2 24. Rg1 Rxg2+ 25. Rxg2 Qxg2+ 26. Kd1 Ba4+ 27. Ke1 Kh8 28. Qf1 Qg3+
29. Qf2 Rg8 30. Nf1 Qg5 31. c5 Bb5 32. Kd2 Qg2 33. Ke1 Qh1 34. cxd6 cxd6 35. Kd2
Rg2 36. Rc8+ Kg7 37. Rc7+ Kg6 38. Ke1 Rxf2 39. Kxf2 Qxf1#  0-1

[Event "Sampa Chess Open - Local Piso Superior (ao lado da Renner) às 19h00"]
[Site "Shopping Metrô Tatuapé - Rua Domingos Agostim, 91, São Paulo/SP 03306-010"]
[Date "2024.02.04"]
[Round "9"]
[Board "34"]
[White "Barroso, Daniele Silva"]
[Black "Pittoli, Vinicius Eduardo Moreir"]
[Result "0-1"]
[WhiteElo "1349"]
[BlackElo "1648"]
[PlyCount "106"]
[EventDate "2024.01.29"]
[EventRounds "9"]
[EventCountry "BRA"]

1. c4 Nf6 2. Nc3 e6 3. d4 Bb4 4. Bg5 h6 5. Bh4 g5 6. Bg3 Ne4 7. Qc2 d5 8. e3 Nc6
9. Nf3 Bd7 10. Bd3 f5 11. Bxe4 fxe4 12. Ne5 Nxe5 13. Bxe5 Rf8 14. c5 Bb5 15. a3 Bxc3+
16. Qxc3 Qe7 17. b4 Qf7 18. Ra2 Bc4 19. Rb2 b5 20. h4 g4 21. Bg3 h5 22. Qd2 c6 23.
Qc3 Qb7 24. Kd2 Qa6 25. Ra1 Kd7 26. Ke1 Qa4 27. Qc2 Qxc2 28. Rxc2 a5 29. bxa5 Rxa5
30. Kd2 Rfa8 31. Rb2 Rxa3 32. Rxa3 Rxa3 33. Rb1 Kc8 34. Rb2 Kb7 35. Bd6 Ka6 36. Bc7
Rd3+ 37. Kc2 Ra3 38. g3 Bd3+ 39. Kd2 Ra4 40. Kc3 Bf1 41. Kb3 Kb7 42. Bd6 Ra1 43.
Kb4 Bd3 44. Be5 Ra4+ 45. Kc3 Rc4+ 46. Kd2 b4 47. Bd6 Ka6 48. Ra2+ Kb5 49. Bc7 b3
50. Ra8 Rc2+ 51. Kd1 b2 52. Rb8+ Kc4 53. Ba5 Rc1+  0-1

[Event "Sampa Chess Open - Local Piso Superior (ao lado da Renner) às 19h00"]
[Site "Shopping Metrô Tatuapé - Rua Domingos Agostim, 91, São Paulo/SP 03306-010"]
[Date "2024.02.04"]
[Round "9"]
[Board "35"]
[White "Aragao Neto, Joao Batista"]
[Black "Pereira, Igor Marcelo Souza"]
[Result "1-0"]
[WhiteElo "1585"]
[BlackElo "1351"]
[PlyCount "63"]
[EventDate "2024.01.29"]
[EventRounds "9"]
[EventCountry "BRA"]

1. Nf3 Nf6 2. d4 g6 3. c4 Bg7 4. Nc3 d6 5. e4 O-O 6. Be2 e5 7. Bg5 Re8 8. d5 a5 9.
O-O Na6 10. a3 h6 11. Bh4 c6 12. Nd2 Nc7 13. f3 Bd7 14. b4 cxd5 15. exd5 Qb8 16.
Nde4 Nxe4 17. Nxe4 axb4 18. axb4 Rxa1 19. Qxa1 f5 20. Nxd6 e4 21. Bf6 Bxf6 22. Qxf6
Rf8 23. Qxg6+ Kh8 24. Qxh6+ Kg8 25. Qg6+ Kh8 26. Nf7+ Rxf7 27. Qxf7 Qa7+ 28. Kh1
Qe3 29. Bd1 Qd3 30. Rg1 Ba4 31. Bxa4 exf3 32. Qh5+  1-0

[Event "Sampa Chess Open - Local Piso Superior (ao lado da Renner) às 19h00"]
[Site "Shopping Metrô Tatuapé - Rua Domingos Agostim, 91, São Paulo/SP 03306-010"]
[Date "2024.02.04"]
[Round "9"]
[Board "36"]
[White "Alves, Josue Flor De Souza"]
[Black "Leal, Alexandre Garcia"]
[Result "0-1"]
[WhiteElo "1551"]
[BlackElo "1899"]
[PlyCount "100"]
[EventDate "2024.01.29"]
[EventRounds "9"]
[EventCountry "BRA"]

1. d4 Nf6 2. c4 e6 3. Nf3 d5 4. Nc3 c6 5. e3 Nbd7 6. Qc2 Bd6 7. Bd3 O-O 8. O-O dxc4
9. Bxc4 e5 10. d5 Nb6 11. Qb3 e4 12. Nd2 cxd5 13. Be2 Be6 14. Qd1 Rc8 15. Nb5 Bb8
16. b3 Be5 17. Ba3 Bxa1 18. Qxa1 a6 19. Bxf8 Qxf8 20. Nd4 Qb4 21. Rd1 Nbd7 22. Nf1
Ne5 23. h3 Nc6 24. Ng3 Nxd4 25. Rxd4 Qa3 26. Rd1 Rc2 27. Qe5 Nd7 28. Qg5 f6 29. Qh5
g6 30. Qh4 Qxa2 31. b4 Rd2 32. Rc1 Rc2 33. Rd1 Qb2 34. Rd4 Rd2 35. Bg4 Bxg4 36. Qxg4
Rxd4 37. Qe6+ Kf8 38. exd4 Qc1+ 39. Nf1 Qc6 40. Qg4 b6 41. Ne3 a5 42. Qd1 a4 43.
Qa1 b5 44. h4 Nb6 45. h5 Nc4 46. Qc1 Qd6 47. Ng4 g5 48. Nh6 Qf4 49. Qd1 a3 50. g3
Qf3  0-1

[Event "Sampa Chess Open - Local Piso Superior (ao lado da Renner) às 19h00"]
[Site "Shopping Metrô Tatuapé - Rua Domingos Agostim, 91, São Paulo/SP 03306-010"]
[Date "2024.02.04"]
[Round "9"]
[Board "39"]
[White "Simao, Davi Ribeiro"]
[Black "Dionisio, Alex Monteiro"]
[Result "1/2-1/2"]
[WhiteElo "1320"]
[BlackElo "1514"]
[PlyCount "88"]
[EventDate "2024.01.29"]
[EventRounds "9"]
[EventCountry "BRA"]

1. e4 c5 2. Nc3 Nc6 3. f4 g6 4. Nf3 e6 5. Bc4 Bg7 6. d3 Nge7 7. O-O O-O 8. Qe1 d5
9. Bb3 Na5 10. a3 Nxb3 11. cxb3 Qb6 12. Na4 Qxb3 13. Nxc5 Qb5 14. Qb4 Qxb4 15. axb4
b6 16. Nb3 Bd7 17. Nbd4 Nc6 18. Nxc6 Bxc6 19. e5 Bb5 20. Rd1 Rfc8 21. Be3 Bf8 22.
Bd2 Bxd3 23. Bc3 Bb5 24. Nd4 Bd7 25. Nc2 a5 26. Rd2 a4 27. Ra3 Bb5 28. Nd4 Bd7 29.
Nc2 Be7 30. Kf2 Rc4 31. Rd4 Rxd4 32. Bxd4 Rc8 33. Rc3 Rxc3 34. bxc3 Be8 35. g3 Bb5
36. g4 Bd3 37. Na3 Kf8 38. g5 Ke8 39. h4 Kd7 40. Ke3 Bc4 41. Kd2 Kc6 42. Ke3 b5 43.
Ba7 Bd8 44. Kd4 Be7  1/2-1/2

[Event "Sampa Chess Open - Local Piso Superior (ao lado da Renner) às 19h00"]
[Site "Shopping Metrô Tatuapé - Rua Domingos Agostim, 91, São Paulo/SP 03306-010"]
[Date "2024.02.04"]
[Round "9"]
[Board "41"]
[White "Nunes, Rafael Klanfer"]
[Black "Brujin, Homero"]
[Result "0-1"]
[WhiteElo "1789"]
[BlackElo "1479"]
[PlyCount "122"]
[EventDate "2024.01.29"]
[EventRounds "9"]
[EventCountry "BRA"]

1. e4 c5 2. Nf3 e6 3. d4 cxd4 4. Nxd4 a6 5. c4 d6 6. Be2 Nf6 7. Nc3 Be7 8. O-O O-O
9. Be3 Nbd7 10. Qd2 Ne5 11. h3 Bd7 12. f4 Nc6 13. f5 Nxd4 14. Bxd4 e5 15. Be3 Bc6
16. Nd5 Nxe4 17. Nxe7+ Qxe7 18. Qe1 Nf6 19. Rd1 d5 20. cxd5 Nxd5 21. Bc4 Nf6 22.
Bd4 e4 23. Qc3 Rac8 24. Qe3 Rfd8 25. Rd2 b5 26. Bb3 Re8 27. Rfd1 Bb7 28. Qg5 h6 29.
Qh4 Nh7 30. Qxe7 Rxe7 31. Bc3 Rce8 32. Rd7 Nf6 33. Bxf6 gxf6 34. Rxe7 Rxe7 35. Bd5
Kg7 36. Bxb7 Rxb7 37. Kf2 a5 38. Ke3 Re7 39. Rd5 Re5 40. Rd4 Rxf5 41. Kxe4 Rf2 42.
a4 Rxb2 43. axb5 Rxb5 44. Ra4 Kg6 45. Kf3 h5 46. g4 h4 47. Ra3 Kg5 48. Ke3 f5 49.
gxf5 Rxf5 50. Ra4 Kh5 51. Rg4 Rg5 52. Ra4 Rg3+ 53. Kf4 Rg5 54. Rd4 Rb5 55. Kf3 Rb3+
56. Kg2 Ra3 57. Rd5+ Kg6 58. Rd4 Kg5 59. Rd5+ f5 60. Rd8 a4 61. Rg8+ Kf4  0-1

[Event "Sampa Chess Open - Local Piso Superior (ao lado da Renner) às 19h00"]
[Site "Shopping Metrô Tatuapé - Rua Domingos Agostim, 91, São Paulo/SP 03306-010"]
[Date "2024.02.04"]
[Round "9"]
[Board "42"]
[White "De Oliveira, Lucas Silva"]
[Black "Regiani, Rafael"]
[Result "1-0"]
[WhiteElo "1800"]
[BlackElo "1476"]
[PlyCount "63"]
[EventDate "2024.01.29"]
[EventRounds "9"]
[EventCountry "BRA"]

1. e4 e5 2. Nf3 Nc6 3. Bc4 Nf6 4. Ng5 d5 5. exd5 Na5 6. Bb5+ c6 7. dxc6 bxc6 8. Bd3
h6 9. Ne4 Bb7 10. Nbc3 Bc5 11. Nxc5 Qb6 12. Nxb7 Nxb7 13. Qe2 O-O-O 14. Qe3 Nc5 15.
Bf5+ Kb7 16. O-O g6 17. Bh3 Nh5 18. g3 f5 19. b4 Nd7 20. Qxb6+ axb6 21. Bg2 f4 22.
b5 Nb8 23. a4 g5 24. Re1 Rhe8 25. g4 Nf6 26. h3 h5 27. gxh5 Nxh5 28. Rb1 Nf6 29.
bxc6+ Nxc6 30. a5 Kc7 31. Bxc6 Kxc6 32. Rxb6+  1-0

[Event "Sampa Chess Open - Local Piso Superior (ao lado da Renner) às 19h00"]
[Site "Shopping Metrô Tatuapé - Rua Domingos Agostim, 91, São Paulo/SP 03306-010"]
[Date "2024.02.04"]
[Round "9"]
[Board "43"]
[White "Resende, Ana Gabriela Lobato"]
[Black "Van Riemsdijk, Dirk D."]
[Result "0-1"]
[WhiteElo "1800"]
[BlackElo "1789"]
[PlyCount "75"]
[EventDate "2024.01.29"]
[EventRounds "9"]
[EventCountry "BRA"]

1. e4 e5 2. f4 d6 3. Nf3 Nc6 4. Bc4 Nf6 5. d3 Be7 6. O-O Be6 7. Bxe6 fxe6 8. Nc3
Qd7 9. h3 O-O-O 10. Be3 Kb8 11. a3 Rhf8 12. fxe5 dxe5 13. b4 Bd6 14. Nb5 a6 15. Nxd6
Qxd6 16. Bc5 Qd7 17. Bxf8 Rxf8 18. Rb1 b5 19. a4 Qd6 20. axb5 axb5 21. c3 h6 22.
Qc2 Kb7 23. Ra1 Na7 24. Qf2 Ra8 25. Qe3 Nd7 26. Ra5 Nb6 27. Rfa1 Na4 28. d4 exd4
29. Nxd4 Qb6 30. e5 c6 31. Qf3 Rc8 32. Kh1 Kb8 33. Nxe6 g5 34. Nc5 Qd8 35. c4 Qd4
36. Re1 Qxc4 37. e6 Qxb4 38. Na6+  0-1

[Event "Sampa Chess Open - Local Piso Superior (ao lado da Renner) às 19h00"]
[Site "Shopping Metrô Tatuapé - Rua Domingos Agostim, 91, São Paulo/SP 03306-010"]
[Date "2024.02.04"]
[Round "9"]
[Board "45"]
[White "Navarro, Gustavo Kazuo Yura"]
[Black "Yokomizo, Wilton"]
[Result "1/2-1/2"]
[WhiteElo "1800"]
[BlackElo "1395"]
[PlyCount "38"]
[EventDate "2024.01.29"]
[EventRounds "9"]
[EventCountry "BRA"]

1. e4 Nf6 2. Nc3 d5 3. exd5 Nxd5 4. Nxd5 Qxd5 5. Nf3 Bg4 6. Be2 Nc6 7. O-O O-O-O
8. d3 e5 9. Ng5 Bxe2 10. Qxe2 Kb8 11. Qf3 f6 12. Qxd5 Rxd5 13. Ne6 Nd4 14. Nxd4 Rxd4
15. f4 Bc5 16. Be3 Rd5 17. Bxc5 Rxc5 18. fxe5 Rxe5 19. Rfe1 Rhe8  1/2-1/2

[Event "Sampa Chess Open - Local Piso Superior (ao lado da Renner) às 19h00"]
[Site "Shopping Metrô Tatuapé - Rua Domingos Agostim, 91, São Paulo/SP 03306-010"]
[Date "2024.02.04"]
[Round "9"]
[Board "47"]
[White "Goncalves, Ricardo Henrique Silva"]
[Black "Yasuda, Osvaldo Makoto"]
[Result "0-1"]
[WhiteElo "1800"]
[BlackElo "1318"]
[PlyCount "108"]
[EventDate "2024.01.29"]
[EventRounds "9"]
[EventCountry "BRA"]

1. e4 e5 2. Nf3 Nc6 3. Bb5 Bc5 4. O-O Nf6 5. d3 d6 6. h3 Be6 7. c3 O-O 8. d4 exd4
9. cxd4 Nxd4 10. Nxd4 c6 11. Nxe6 fxe6 12. Bd3 Qb6 13. Nc3 Nd7 14. Kh2 Bxf2 15. Qb3
Qxb3 16. axb3 Nc5 17. Rd1 Nxb3 18. Ra3 Nxc1 19. Rxc1 Bc5 20. Rb3 b5 21. Nd1 Rac8
22. Be2 Bd4 23. Bg4 Rf6 24. Rxb5 c5 25. Rb7 Rcf8 26. Rxa7 Rf1 27. Raa1 Be5+ 28. g3
Bxb2 29. Bxe6+ Kh8 30. h4 Bxc1 31. Rxc1 R8f2+ 32. Nxf2 Rxc1 33. Kg2 g6 34. g4 c4
35. Kf3 c3 36. Ke2 Rc2+ 37. Kd3 Rxf2 38. Kxc3 Kg7 39. h5 Kf6 40. Bd7 Ke5 41. Kd3
Rf3+ 42. Ke2 Rf4 43. hxg6 hxg6 44. Ke3 Rxe4+ 45. Kf3 d5 46. Bc8 d4 47. Ba6 Re3+ 48.
Kf2 Kf4 49. Bc8 d3 50. Ba6 Rf3+ 51. Ke1 Ke3 52. g5 d2+ 53. Kd1 Rg3 54. Bd3 Rg1+  0-1

[Event "Sampa Chess Open - Local Piso Superior (ao lado da Renner) às 19h00"]
[Site "Shopping Metrô Tatuapé - Rua Domingos Agostim, 91, São Paulo/SP 03306-010"]
[Date "2024.02.04"]
[Round "9"]
[Board "50"]
[White "Ruvieri, Daniel Minami"]
[Black "De Bastiani, Tales Otavio"]
[Result "1-0"]
[WhiteElo "1437"]
[BlackElo "1800"]
[PlyCount "79"]
[EventDate "2024.01.29"]
[EventRounds "9"]
[EventCountry "BRA"]

1. e4 e6 2. d4 d5 3. e5 c5 4. c3 Nc6 5. Nf3 Qb6 6. Bd3 Bd7 7. dxc5 Bxc5 8. O-O f6
9. exf6 gxf6 10. Qc2 e5 11. Re1 e4 12. Bf1 O-O-O 13. Nd4 Kb8 14. Bf4+ Ka8 15. Nxc6
Bxc6 16. b4 Bd6 17. Be3 Qc7 18. h3 Ne7 19. b5 Bd7 20. a4 Bc5 21. a5 Bxe3 22. Rxe3
b6 23. axb6 Qxb6 24. Ra6 Qc5 25. Nd2 Rb8 26. Nb3 Qc7 27. Nd4 Rb6 28. Ra5 Nf5 29.
Nxf5 Bxf5 30. Qa2 Be6 31. c4 dxc4 32. Rea3 Rb7 33. Ra6 Bd5 34. b6 Qc5 35. Rxa7+ Rxa7
36. Rxa7+ Kb8 37. Ra5 Qc6 38. Rxd5 Qxd5 39. Qa7+ Kc8 40. Qc7#  1-0

[Event "Sampa Chess Open - Local Piso Superior (ao lado da Renner) às 19h00"]
[Site "Shopping Metrô Tatuapé - Rua Domingos Agostim, 91, São Paulo/SP 03306-010"]
[Date "2024.02.04"]
[Round "9"]
[Board "52"]
[White "Ruvieri, Valter"]
[Black "Akamine, Isabelle Namie Nishimori"]
[Result "1-0"]
[WhiteElo "1067"]
[BlackElo "1800"]
[PlyCount "65"]
[EventDate "2024.01.29"]
[EventRounds "9"]
[EventCountry "BRA"]

1. d4 d5 2. e3 Nf6 3. c4 e6 4. Nf3 b6 5. Bd3 c5 6. O-O Bb7 7. b3 Be7 8. Bb2 O-O 9.
Qc2 dxc4 10. Be2 cxb3 11. axb3 Nbd7 12. Nc3 Qc7 13. Nb5 Qb8 14. Ne5 Rd8 15. Bf3 Nd5
16. e4 N5f6 17. Nc3 Nxe5 18. dxe5 Qxe5 19. Nd5 Qg5 20. Bc1 Qg6 21. Nxe7+ Kh8 22.
Nxg6+ hxg6 23. Bg5 a5 24. Bxf6 gxf6 25. Rfd1 Rxd1+ 26. Rxd1 f5 27. Rd7 Bxe4 28. Bxe4
fxe4 29. Qxe4 Kg8 30. Qxa8+ Kg7 31. Qb7 Kh8 32. Rxf7 g5 33. Qb8#  1-0

[Event "Sampa Chess Open - Local Piso Superior (ao lado da Renner) às 19h00"]
[Site "Shopping Metrô Tatuapé - Rua Domingos Agostim, 91, São Paulo/SP 03306-010"]
[Date "2024.02.04"]
[Round "9"]
[Board "55"]
[White "Santana, Expedito"]
[Black "Akamine, Giullia Hikari Nishimori"]
[Result "0-1"]
[WhiteElo "1408"]
[BlackElo "1800"]
[PlyCount "78"]
[EventDate "2024.01.29"]
[EventRounds "9"]
[EventCountry "BRA"]

1. d4 d5 2. Bf4 Nf6 3. e3 e6 4. Nf3 Be7 5. Bd3 O-O 6. h3 Nbd7 7. O-O b6 8. Nbd2 Bb7
9. c3 Ne4 10. Ne5 Ndf6 11. f3 Nxd2 12. Qxd2 Nh5 13. Bh2 Bh4 14. Qc2 f5 15. f4 Bg3
16. Qe2 Bxh2+ 17. Kxh2 Qe8 18. Bb5 c6 19. Bxc6 Bxc6 20. Nxc6 Rf6 21. Ne5 Rh6 22.
g4 fxg4 23. Qxg4 Nf6 24. Qg2 Qh5 25. Rg1 g6 26. Raf1 Qf5 27. Rf3 Kg7 28. c4 Rc8 29.
cxd5 Rc2 30. dxe6 Rxg2+ 31. Rxg2 Qxe6 32. f5 Qxa2 33. fxg6 hxg6 34. Rfg3 Qb3 35.
Nxg6 Kh7 36. e4 Ng4+ 37. Rxg4 Rxh3+ 38. Kg1 Qd1+ 39. Kf2 Rf3#  0-1

[Event "Sampa Chess Open 2024"]
[Site "Sao Paulo"]
[Date "2024.01.29"]
[Round "1.1"]
[White "Fier, Alexandr"]
[Black "Cordero, Daniela"]
[Result "1-0"]
[WhiteElo "2549"]
[BlackElo "2028"]
[PlyCount "81"]
[EventDate "2024.01.29"]
[EventRounds "9"]
[EventCountry "BRA"]

1. d4 e6 2. c4 f5 3. Nc3 Nf6 4. e3 Bb4 5. Qc2 O-O 6. Bd3 Nc6 ({RR} 6... d5 7.
Nge2 c6 8. Bd2 Nbd7 9. f3 dxc4 10. Bxc4 Nb6 11. Bb3 Kh8 12. O-O-O Qe7 13. h4
Bd7 14. e4 fxe4 15. Nxe4 Bxd2+ 16. Rxd2 Nbd5 17. Ng5 e5 18. Qd3 Rae8 19. Ng3
exd4 20. Qxd4 c5 21. Qd3 {Krasenkow,M (2609)-Nikolic,P (2648) Antalya 2004 0-1
(50)}) ({RR} 6... Bxc3+ 7. Qxc3 b6 8. Ne2 Bb7 9. f3 Nh5 10. O-O a5 11. Bd2 c5
12. dxc5 bxc5 13. e4 Nc6 14. exf5 exf5 15. Nf4 Nxf4 16. Bxf4 d6 17. Rad1 Nd4
18. Be3 Ne6 19. Bc2 Qc7 20. Rd2 Rf6 21. Rfd1 {Novozhilov,S (1976)-Naumkin,I 
(2215) Chelyabinsk RUS 2021 1/2-1/2 (61)}) 7. Nge2 $146 ({RR} 7. Nf3 Be7 8. a3
d6 9. b4 Qe8 10. Bb2 e5 11. dxe5 dxe5 12. Bxf5 Qh5 13. Bxc8 Raxc8 14. O-O-O Qg4
15. b5 Qxg2 16. Nh4 Qg5 17. Nf5 Ng4 18. bxc6 Rxf5 19. Ne4 Qh4 20. cxb7 Rb8 21.
Rd2 Nh6 {Sorin,A (2415)-Paglilla,C (2355) Zaragoza 1992 1-0 (36)}) ({RR} 7. Bd2
d5 8. cxd5 Nxd5 9. Nf3 Kh8 10. O-O Nde7 11. a3 Bd6 12. Nb5 e5 13. dxe5 Nxe5 14.
Nxe5 Bxe5 15. f4 Bd6 16. Nxd6 cxd6 17. Bc3 Be6 18. Rae1 Rc8 19. Qa4 Nc6 20. Qb5
Qc7 21. Kh1 a6 {Farago,I-Barcza,G Budapest 1967 1/2-1/2 (44)}) 7... Bxc3+ 8.
bxc3 b6 9. h3 Bb7 10. Rg1 Ne4 11. f3 Nd6 12. Ba3 Qh4+ 13. g3 Qf6 14. c5 bxc5
15. Bxc5 Ne7 16. Rf1 Nd5 17. Kd2 Qh6 18. Nf4 Nxf4 19. gxf4 Qxh3 20. Be2 Qg2 21.
Qd3 a5 22. Rg1 Qf2 23. Raf1 Qh4 24. Rh1 Qd8 25. c4 Rf6 26. Qa3 Nc8 27. Qb3 Ba6
28. d5 Rg6 29. e4 exd5 30. cxd5 d6 31. Bxa6 Rxa6 32. Bd4 Rg2+ 33. Rf2 Rxf2+ 34.
Bxf2 Ne7 35. Qb7 Ra8 36. Bh4 Qc8 37. Qxc8+ Nxc8 38. Rc1 c5 39. dxc6 Kf7 40.
exf5 a4 41. Rb1 1-0

[Event "Sampa Chess Open 2024"]
[Site "Sao Paulo"]
[Date "2024.01.29"]
[Round "1.2"]
[White "Santanna, Paulo"]
[Black "Di Berardino, Diego Rafael"]
[Result "0-1"]
[WhiteElo "2021"]
[BlackElo "2480"]
[PlyCount "38"]
[EventDate "2024.01.29"]
[EventRounds "9"]
[EventCountry "BRA"]

1. Nf3 c5 2. c4 Nf6 3. Nc3 d5 4. cxd5 Nxd5 5. e3 Nxc3 6. bxc3 g6 7. Bb5+ Bd7 8.
Qb3 ({RR} 8. a4 Bg7 9. O-O O-O 10. Ba3 b6 11. d4 a6 12. Be2 Nc6 13. Qc2 Qc7 14.
dxc5 bxc5 15. Bxc5 Qa5 16. Ba3 Qxc3 17. Qxc3 Bxc3 18. Rab1 Rfb8 19. Rxb8+ Rxb8
20. Bxa6 Nb4 21. Bc4 Bxa4 22. Rc1 Bf6 {Bareev,E (2709)-Kasparov,G (2849)
Cannes 2001 1/2-1/2}) 8... Bg7 9. O-O $146 ({RR} 9. Bc4 O-O 10. Qxb7 Bc6 11.
Qb1 e5 12. e4 Nd7 13. d3 Rb8 14. Qc2 Nb6 15. Bg5 Qd7 16. O-O Nxc4 17. dxc4 f5
18. Nd2 h6 19. Be3 Rbc8 20. f3 Rf7 21. Nb3 Ba8 22. Rfd1 Qe6 23. Qd3 fxe4 {
Jovicic,M (2315)-Indjic,D Pula 1981 1/2-1/2 (76)}) ({RR} 9. Ba3 Qa5 10. Rb1 b6
11. Bc4 O-O 12. O-O Ba4 13. Qb2 Nd7 14. d4 Rfc8 15. Nd2 b5 16. Nb3 Bxb3 17.
Bxb3 e6 18. Bd1 Rab8 19. Qb3 Bf8 20. Bc1 a6 21. e4 Nb6 22. Bf4 Rb7 23. Bf3 Na4
{Oparin,G (2657)-Erdos,V (2613) Saint Louis USA 2019 0-1 (82)}) ({RR} 9. Ba3 b6
10. Bxd7+ Qxd7 11. d4 Nc6 12. Rd1 Na5 13. Qb1 Qa4 14. Bc1 O-O 15. O-O Rac8 16.
e4 cxd4 17. cxd4 Rc2 18. Bg5 Qxa2 19. Qxa2 Rxa2 20. Bxe7 Re8 21. Bh4 Rxe4 22.
d5 Raa4 23. d6 Rxh4 {Spassov,L-Dorfman,J (2540) Warsaw 1983 1/2-1/2}) ({RR} 9.
Bc4 O-O 10. Qxb7 Nc6 11. Qa6 Rb8 12. O-O Na5 13. Be2 Qc7 14. Ba3 e5 15. d4 e4
16. Bxc5 exf3 17. Bxf3 Bb5 18. Qxa7 Qxa7 19. Bxa7 Bxf1 20. Bxb8 Bxg2 21. Kxg2
Rxb8 22. Bd5 Rb2 23. Rc1 Bf8 {Liebert,H (2339)-Gross,D (2465) Passau 2000 0-1})
9... O-O 10. d4 Be6 11. Bc4 Bxc4 12. Qxc4 Nd7 13. e4 Rc8 14. Qe2 Qa5 15. Rb1 b6
16. e5 e6 17. Ng5 Qxc3 18. Rb3 Qxd4 19. Bb2 Qa4 0-1

[Event "Sampa Chess Open 2024"]
[Site "Sao Paulo"]
[Date "2024.01.29"]
[Round "1.3"]
[White "Santiago, Yago De Moura"]
[Black "Santos, Isaque Goncalves"]
[Result "1-0"]
[WhiteElo "2467"]
[BlackElo "1996"]
[PlyCount "53"]
[EventDate "2024.01.29"]
[EventRounds "9"]
[EventCountry "BRA"]

1. d4 e6 2. c4 d5 3. Nf3 c6 4. Qd3 Nf6 5. Nc3 Bb4 ({RR} 5... Be7 6. e4 dxc4 7.
Qxc4 b5 8. Qd3 b4 9. Na4 O-O 10. Qc2 Qa5 11. b3 Ba6 12. Bxa6 Qxa6 13. Bg5 Nbd7
14. Ne5 Nxe5 15. dxe5 Nd5 16. exd5 Bxg5 17. h4 Bh6 18. g4 Qb5 19. g5 Qxd5 20.
O-O {Navara,D (2720)-Korneev,O (2606) France 2007 1-0 (31)}) 6. g3 ({RR} 6. Bd2
Bxc3 7. Bxc3 Ne4 8. e3 Nxc3 9. bxc3 Nd7 10. Be2 b6 11. O-O Bb7 12. Rab1 Ba6 13.
Nd2 O-O 14. e4 dxe4 15. Qxe4 c5 16. Qe3 Rb8 17. Ne4 Qc7 18. Rbc1 Bb7 19. Rfd1
Bxe4 20. Qxe4 Nf6 {Michel Coto,M (2348)-Fieberg,S (2186) chess.com INT 2022
0-1 (53)}) 6... Ne4 $146 ({RR} 6... Nbd7 7. Bg2 c5 8. O-O cxd4 9. Qxd4 e5 10.
Nxe5 Bc5 11. Qf4 Bd6 12. Nxf7 Bxf4 13. Nxd8 Bxc1 14. Raxc1 Kxd8 15. cxd5 Ne5
16. e4 Bd7 17. f4 Nc4 18. e5 Ng4 19. b3 Ncxe5 20. fxe5 Nxe5 21. Ne4 {Oehr,
R-Gueting,J Germany 1993 1-0 (41)}) ({RR} 6... O-O 7. Bg2 Nbd7 8. O-O Bd6 9.
Rd1 Re8 10. e4 dxe4 11. Nxe4 Nxe4 12. Qxe4 h6 13. Bf4 Nf6 14. Qe3 Ng4 15. Qd2
Qc7 16. Bxd6 Qxd6 17. h3 Nf6 18. Ne5 Bd7 19. Qa5 Rec8 20. b4 Qc7 21. Qxc7 {
Kabanov,N (2535)-Batukhtin,A (2027) Tomsk 2011 1-0 (40)}) ({RR} 6... h6 7. Bg2
Nbd7 8. O-O O-O 9. a3 Ba5 10. Bf4 Bc7 11. Bxc7 Qxc7 12. Rac1 Qd6 13. c5 Qc7 14.
b4 e5 15. dxe5 Nxe5 16. Nxe5 Qxe5 17. e3 Bf5 18. Qd4 Qc7 19. Rfe1 Rfe8 20. Bf3
Ne4 21. Bxe4 {Tomy,J (1400)-Ivanov,E (1554) London 2015 1-0}) 7. Bg2 Qa5 8. Bd2
Nxd2 9. Nxd2 Be7 10. e4 dxe4 11. Bxe4 Nd7 12. O-O Nf6 13. c5 Nxe4 14. Ncxe4 b5
15. b4 Qxb4 16. a4 f5 17. Nd6+ Bxd6 18. Rfb1 Qa5 19. axb5 Qd8 20. cxd6 Qxd6 21.
b6 Qd7 22. Qa3 a5 23. Nc4 Bb7 24. Nd6+ Kd8 25. Nxb7+ Qxb7 26. Qd6+ Qd7 27. b7
1-0

[Event "Sampa Chess Open 2024"]
[Site "Sao Paulo"]
[Date "2024.01.29"]
[Round "1.4"]
[White "Da Silva, Lucas Pereira Mende"]
[Black "Shumyatsky, Victor"]
[Result "0-1"]
[WhiteElo "1974"]
[BlackElo "2457"]
[PlyCount "107"]
[EventDate "2024.01.29"]
[EventRounds "9"]
[EventCountry "BRA"]

1. e4 c5 2. Nf3 e6 3. d4 cxd4 4. Nxd4 a6 5. Nc3 b5 6. Bd3 Qb6 7. Be3 Bc5 8.
Nce2 e5 ({RR} 8... Nf6 9. c3 Ng4 10. Ng3 Nxe3 11. fxe3 g6 12. e5 Bb7 13. Ne4
Bxe4 14. Bxe4 Ra7 15. Qf3 d5 16. exd6 O-O 17. O-O Qxd6 18. Rad1 Qe5 19. Kh1 Rc7
20. Bc2 Bd6 21. Qh3 Be7 22. Bb3 Nc6 23. Rf4 {Fedorchuk,S (2564)-Kengis,E (2570)
Warsaw 2002 1-0 (35)}) ({RR} 8... Nc6 9. c3 Nxd4 10. cxd4 Bb4+ 11. Nc3 Nf6 ({RR
} 11... d6 12. O-O Ne7 13. Kh1 O-O 14. Qh5 Ng6 15. f4 Bxc3 16. bxc3 f5 17. Rae1
Qc6 18. Bd2 Bb7 19. d5 Qc5 20. dxe6 fxe4 21. Qxc5 dxc5 22. Bxe4 Bxe4 23. Rxe4
Ne7 24. g4 g6 25. Be3 Rac8 26. Re5) 12. O-O Bb7 13. Qf3 O-O 14. d5 Bc5 15. Bg5
Bd4 16. Bxf6 gxf6 17. Qh3 Rfc8 18. Ne2 Bxb2 19. Rad1 f5 20. exf5 Bxd5 21. fxe6
dxe6 22. Qxh7+ Kf8 23. Nf4 {Da Silva,L (1974)-Piasetski,L (2155) Florianopolis
2024 1-0 (32)}) 9. Nf5 g6 $146 ({RR} 9... Nc6 10. Nxg7+ Kf8 11. Nf5 Nb4 12. O-O
h5 13. a3 Nc6 14. Nd6 h4 15. h3 b4 16. axb4 Nxb4 17. c3 Nxd3 18. Qxd3 Qxd6 19.
Qxd6+ Bxd6 20. f4 Nf6 21. fxe5 Bxe5 22. Bg5 Nxe4 23. Rf5 d6 24. Rxe5 {Savin,M 
(1144)-Stefan,A (1151) Baile Felix 2017 0-1 (42)}) 10. Bxc5 Qxc5 11. Ne3 Nf6
12. O-O Bb7 13. Nc3 d6 14. Qf3 Nbd7 15. Ng4 Nxg4 16. Qxg4 O-O-O 17. Qe2 f5 18.
Kh1 fxe4 19. Nxe4 Qc6 20. a4 b4 21. f3 d5 22. Ng5 Rde8 23. c3 e4 24. fxe4 dxe4
25. Bc4 Ne5 26. cxb4 Kb8 27. Bb3 Nd3 28. Qe3 h6 29. Nf7 Rh7 30. b5 Qc5 31. Qg3+
Ka8 32. bxa6 Bc6 33. Qxg6 e3 34. Qxd3 e2 35. Rg1 Bxg2+ 36. Kxg2 Rg7+ 37. Kh1
Rxg1+ 38. Rxg1 Qxg1+ 39. Kxg1 e1=Q+ 40. Kg2 Re2+ 41. Kf3 Qf1+ 42. Kg4 Rg2+ 43.
Qg3 Qe2+ 44. Kh3 Rxg3+ 45. hxg3 Qh5+ 46. Kg2 Qe2+ 47. Kh3 Qxb2 48. Nxh6 Qh8 49.
Bd5+ Ka7 50. Bb7 Qxh6+ 51. Kg4 Qe3 52. Kh4 Qb6 53. g4 Qh6+ 54. Kg3 0-1